00485nam a2200145 a 450000100100000000500170001000800410002704000250006810000410009324500360013426000370017030000210020795200940022899900170032200003891820201002031423.0130506s1938 ag 000 0 spa d aDO-SdBNPbspacBNPHU1 aPittaluga, Gustavob1876-195696518310aLa sangre /cGustavo Pittaluga. aBuenos Aires :bHachette,c1938. a214 p. ;c20 cm. 00102ddc708GRaBNPHUbBNPHUcHDd2013-05-06o p38918-10r2020-06-25w2020-06-25yLBS1 c38408d38408